1449 1332 1982 1032 1363 1734 1311 1425 1757 1143 1806 1548 1197 1356 1903 1100 1293 1866 1166 1311 1375 1624 1495 1549 1079 1738 1231 1796 1840 1680 1627 1093 1213 1195 1856 1909 1552 1918 1583 1298 1159 1547 1323 1819 1494 1905 1278 1040 1956 1872 1743 1041 1313 1342 1426 1558 1678 1977 1446 1162 1293 1060 1063 1064 1337 1830 1716 1375 1832 1925 1357 1844 1587 1035 1615 1974 1265 1481 1136 1347 1481 1554 1049 1225 1646 1138 1633 1038 1802 1253 1272 1326 1261 1866 1352 1871 1390 1029 1353 BCNSPRNW ULIB Ver.6.0+V

เปลี่ยนเป็นภาษาไทย

Change to English
 แสดงรายละเอียดบรรณานุกรม
  กลับหน้าหลัก

Brief Record : Get Marc (ISO 2709) : E-mail record : QR code < ปิดหน้าต่าง
LEADER : 00000nam 2200000uu 4500
001    13399122719
003     ULIB
008    020711s2555 th a 000 0 tha d
020    9789742473785
050  4 DS520^bพ451ร
100    พลอยแพรวา
245    เราคืออาเซียน--เวียดนาม /^cพลอยแพรวา
250    พิมพ์ครั้งที่ 4
260    กรุงเทพฯ :^bอมรินทร์คอมมิกส์,^c2555
300    55 หน้า
440  0 ชุด เราคืออาเซียน
650  7 ประชาคมอาเซียน
650  7 อาเซียน
650  7 เวียดนาม
945    ^p75^l0^i20158
999    ^aทศพร เกษรทอง
รายการนี้ยังไม่มีแท็ก
คุณยังไม่ได้ล็อกอิน คุณสามารถมีกิจกรรมร่วมกับเว็บไซต์ได้ แต่ต้องล็อกอินก่อน ::
  ล็อกอิน

รายการสื่อสารสนเทศ

ลำดับที่ ประเภท เลขเรียก/บาร์โค้ด สถานที่ สถานะ
1. การศึกษาทั่วไป
การศึกษาทั่วไป
DS520 พ451ร ฉ.1 
  Barcode: 20158
ห้องสมุดวิทยาเขตนครสวรรค์
►หนังสือทั่วไป:l:General Books
บนชั้น

รายการใกล้เคียง
    ผู้แต่ง [พลอยแพรวา]

    หัวเรื่อง [ประชาคมอาเซียน]
    หัวเรื่อง [อาเซียน]
    หัวเรื่อง [เวียดนาม]

BibComment


ยังไม่เคยถูกคอมเมนท์

คอมเมนท์ทรัพยากรรายการนี้
  คอมเมนท์: เราคืออาเซียนเวีย..


 Copyright 2026. Bcnsprnw @Library